• 首页
  • 本馆介绍
  • 公告通知
  • 最新文献
  • 馆藏检索
  • 电子资源
  • 读者导购
  • 参考咨询
  • 我的图书馆
  • 登录
  • 详细信息显示
  • 放入我的书架
  • 预约/预借图书
  • 作者相关作品
  • 分类相关作品
  • 丛书相关作品
  • 出版社相关作品

书目信息

  • 表格格式
  • 工作单格式
  • 卡片格式
题名:
公路工程施工技术研究
    
 
作者: 林立宽 著
分册:  
出版信息: 长春   吉林科学技术出版社  2021.05
页数: 244页
开本: 26cm
丛书名:
单 册:
中图分类: U415.6
科图分类:
主题词: 道路施工--dao lu shi gong--工程技术--研究
电子资源:
ISBN: 978-7-5578-8037-8
000 00814nam0 2200241 450
001 CAL 0120227436694
005 20230217093113.0
010    @a978-7-5578-8037-8@dCNY63.00
100    @a20220701d2021 em y0chiy0120 ea
101 0  @achi
102    @aCN@b220000
105    @ay a 000yy
106    @ar
200 1  @a公路工程施工技术研究@Agong lu gong cheng shi gong ji shu yan jiu@f林立宽著
210    @a长春@c吉林科学技术出版社@d2021.05
215    @a244页@d26cm
320    @a有书目 (第242-244页)
330    @a本书分八章, 内容包括: 施工技术的概述与施工准备、路基工程施工技术、路面工程施工技术、交通安全设施工程与计量等。
606 0  @a道路施工@Adao lu shi gong@x工程技术@x研究
690    @aU415.6@v5
701  0 @a林立宽@Alin li kuan@4著
801  0 @aCN@bBJXHZP@c20230228
905    @b1404503-6@dU415.6@e1115@f4
    
    公路工程施工技术研究/林立宽著.-长春:吉林科学技术出版社,2021.05
    244页;26cm
    
    
    ISBN 978-7-5578-8037-8:CNY63.00
    本书分八章, 内容包括: 施工技术的概述与施工准备、路基工程施工技术、路面工程施工技术、交通安全设施工程与计量等。
●
相关链接 在E读中查询图书 在五车中查询图书 在当当中查询图书 在豆瓣中查询图书


正题名:公路工程施工技术研究     索取号:U415.6/1115         预约/预借

序号 登录号 条形码 馆藏地/架位号 状态 备注
1 1404503   214045031   第二样本阅览室/ [索取号:U415.6/1115] 在馆    
2 1404504   214045040   第三借阅区/ [索取号:U415.6/1115] 在馆    
3 1404505   214045059   第三借阅区/ [索取号:U415.6/1115] 在馆    
4 1404506   214045068   第三借阅区/ [索取号:U415.6/1115] 在馆    
唐山师范学院图书馆 欢迎您!
大连网信软件有限公司© 版权所有